<?xml version="1.0" encoding="UTF-8"?><?xml-stylesheet type="text/xsl" href="static/style.xsl"?><OAI-PMH xmlns="http://www.openarchives.org/OAI/2.0/" xmlns:xsi="http://www.w3.org/2001/XMLSchema-instance" xsi:schemaLocation="http://www.openarchives.org/OAI/2.0/ http://www.openarchives.org/OAI/2.0/OAI-PMH.xsd"><responseDate>2026-04-17T04:21:11Z</responseDate><request verb="GetRecord" identifier="oai:www.recercat.cat:2072/463971" metadataPrefix="marc">https://recercat.cat/oai/request</request><GetRecord><record><header><identifier>oai:recercat.cat:2072/463971</identifier><datestamp>2026-04-14T07:21:29Z</datestamp><setSpec>com_2072_98</setSpec><setSpec>col_2072_378192</setSpec></header><metadata><record xmlns="http://www.loc.gov/MARC21/slim" xmlns:dcterms="http://purl.org/dc/terms/" xmlns:xsi="http://www.w3.org/2001/XMLSchema-instance" xmlns:doc="http://www.lyncode.com/xoai" xsi:schemaLocation="http://www.loc.gov/MARC21/slim http://www.loc.gov/standards/marcxml/schema/MARC21slim.xsd">
   <leader>00925njm 22002777a 4500</leader>
   <datafield ind2=" " ind1=" " tag="042">
      <subfield code="a">dc</subfield>
   </datafield>
   <datafield ind2=" " ind1=" " tag="720">
      <subfield code="a">Díaz de Rada, Vidal</subfield>
      <subfield code="e">author</subfield>
   </datafield>
   <datafield ind2=" " ind1=" " tag="720">
      <subfield code="a">Verd Pericàs, Joan Miquel</subfield>
      <subfield code="e">author</subfield>
   </datafield>
   <datafield ind2=" " ind1=" " tag="260">
      <subfield code="c">2022</subfield>
   </datafield>
   <datafield ind2=" " ind1=" " tag="520">
      <subfield code="a">This article introduces the papers published in the monographic issue dedicated to the current state of methodology in social research in Spain. It gives a brief presentation of each of the papers, which have been chosen to offer the widest possible overview, both in relation to their subject matter and in their methodological orientation and the research experience of the authors. It is notable that the articles presented show a special concern for methodological rigour and innovation, which connects them with the main concerns in current international methodological thought. In addition, the educational aim of all of them is emphasised, in that they offer recommendations of a practical nature, rather than mere abstract discourses and research without purpose.</subfield>
   </datafield>
   <datafield ind2=" " ind1=" " tag="520">
      <subfield code="a">El artículo presenta los textos del número monográfico dedicado al estado actual de la metodología en la investigación social en España. El artículo realiza una breve presentación de cada uno de los textos, que han sido elegidos con el objetivo de mostrar un panorama lo más amplio posible, tanto en relación con las temáticas, como en la orientación metodológica y la experiencia investigadora de los autores. Se destaca que los artículos presentados muestran una especial preocupación por el rigor y la innovación metodológica, lo cual los conecta con las principales preocupaciones actuales en la reflexión metodológica internacional. Además, se subraya el propósito divulgador de todos ellos, al ofrecer recomendaciones de carácter práctico, huyendo de discursos abstractos y de la investigación sin aplicabilidad.</subfield>
   </datafield>
   <datafield ind2=" " ind1=" " tag="520">
      <subfield code="a">L'article presenta els textos del número monogràfic dedicat a l'estat actual de la metodologia en la recerca social a Espanya. L'article realitza una breu presentació de cadascun dels textos, que han estat triats amb l'objectiu de mostrar un panorama el més ampli possible, tant en relació amb les temàtiques, com en l'orientació metodològica i l'experiència investigadora dels autors. Cal destacar que els articles presentats mostren una especial preocupació pel rigor i la innovació metodològica, la qual cosa els connecta amb les principals preocupacions actuals en la reflexió metodològica internacional. A més, se subratlla el propòsit divulgador de tots ells, en oferir recomanacions de caràcter pràctic fugint de discursos abstractes i de la recerca sense aplicabilitat.</subfield>
   </datafield>
   <datafield tag="653" ind2=" " ind1=" ">
      <subfield code="a">Methodological design</subfield>
   </datafield>
   <datafield tag="653" ind2=" " ind1=" ">
      <subfield code="a">Data collection</subfield>
   </datafield>
   <datafield tag="653" ind2=" " ind1=" ">
      <subfield code="a">Data analysis</subfield>
   </datafield>
   <datafield tag="653" ind2=" " ind1=" ">
      <subfield code="a">Quantitative methods</subfield>
   </datafield>
   <datafield tag="653" ind2=" " ind1=" ">
      <subfield code="a">Qualitative methods</subfield>
   </datafield>
   <datafield tag="653" ind2=" " ind1=" ">
      <subfield code="a">Mixed methods</subfield>
   </datafield>
   <datafield tag="653" ind2=" " ind1=" ">
      <subfield code="a">Longitudinal perspective</subfield>
   </datafield>
   <datafield tag="653" ind2=" " ind1=" ">
      <subfield code="a">Spain</subfield>
   </datafield>
   <datafield tag="653" ind2=" " ind1=" ">
      <subfield code="a">Diseño metodológico</subfield>
   </datafield>
   <datafield tag="653" ind2=" " ind1=" ">
      <subfield code="a">Obtención de datos</subfield>
   </datafield>
   <datafield tag="653" ind2=" " ind1=" ">
      <subfield code="a">Análisis de datos</subfield>
   </datafield>
   <datafield tag="653" ind2=" " ind1=" ">
      <subfield code="a">Métodos cuantitativos</subfield>
   </datafield>
   <datafield tag="653" ind2=" " ind1=" ">
      <subfield code="a">Métodos cualitativos</subfield>
   </datafield>
   <datafield tag="653" ind2=" " ind1=" ">
      <subfield code="a">Métodos mixtos</subfield>
   </datafield>
   <datafield tag="653" ind2=" " ind1=" ">
      <subfield code="a">Perspectiva longitudinal</subfield>
   </datafield>
   <datafield tag="653" ind2=" " ind1=" ">
      <subfield code="a">España</subfield>
   </datafield>
   <datafield tag="653" ind2=" " ind1=" ">
      <subfield code="a">Disseny metodològic</subfield>
   </datafield>
   <datafield tag="653" ind2=" " ind1=" ">
      <subfield code="a">Obtenció de dades</subfield>
   </datafield>
   <datafield tag="653" ind2=" " ind1=" ">
      <subfield code="a">Anàlisi de dades</subfield>
   </datafield>
   <datafield tag="653" ind2=" " ind1=" ">
      <subfield code="a">Mètodes quantitatius</subfield>
   </datafield>
   <datafield tag="653" ind2=" " ind1=" ">
      <subfield code="a">Mètodes qualitatius</subfield>
   </datafield>
   <datafield tag="653" ind2=" " ind1=" ">
      <subfield code="a">Mètodes mixtos</subfield>
   </datafield>
   <datafield tag="653" ind2=" " ind1=" ">
      <subfield code="a">Espanya</subfield>
   </datafield>
   <datafield ind2="0" ind1="0" tag="245">
      <subfield code="a">Introduction : The current state of social research methodology in Spain</subfield>
   </datafield>
</record></metadata></record></GetRecord></OAI-PMH>